000
00281nam a2200121Ia 4500
008
190216s9999||||xx |||||||||||||| ||und||
100
_a
Vasu Pradeep
245
0
_a
Thazhum Thakolum
260
_b
Poorna Pubs Kozhikode
300
_a
131
650
_a
Malayalam Nadakam
942
_c
BK
999
_c
28254
_d
28254